Представление документа в формате RUSMARC

ПолеНазваниеЗначение
  Тип записи a
  Библиографический уровень m
001 Контрольный номер RU/IS/BASE/627471817
005 Дата корректировки 20240207193838.8
010 Индекс ISBN __
d Цена 0 р. 55 к.
100 Данные общей обработки __
a Данные общей обработки 20191119d2019 ||| 0rusy0189 ca
101 Язык документа 0_
a Язык текста rus
102 Страна публикации __
a Страна публикации RU
105 Кодированные данные (монография) __
a Кодированные данные (монография) y###||||000|y
200 Заглавие и сведения об ответственности 1_
a Заглавие Конькобежный спорт
b Общее обозначение материала Текст
e Сведения, относящиеся к заглавию ежегодник
f Первые сведения об ответственности сост. Г. М. Панов
h Номер части 1981
210 Выходные данные 1_
a Место издания Москва
c Издательство Физкультура и спорт
d Дата издания 1981
215 Физическое описание __
a Объем 80 с.
606 Тематические рубрики 1_
a Основная рубрика Конькобежный спорт
610 Ключевые слова 1_
a Ключевые слова бег на коньках
a Ключевые слова зимние виды спорта
a Ключевые слова зимний спорт
a Ключевые слова история конькобежного спорта
a Ключевые слова конькобежный спорт
a Ключевые слова конькобежцы
a Ключевые слова советские спортсмены
a Ключевые слова тренировки конькобежцев
686 Индексы других классификаций __
a Классификационный индекс 75.719
2 Код системы rubbk
801 Источник записи _0
a Страна RU
b Организация Ульяновская ОБДЮ
c Дата составления 20191119
g Правила каталогизации RCR
801 Источник записи _1
a Страна RU
b Организация Ульяновская ОБДЮ
c Дата составления 20191119
g Правила каталогизации RCR
852 Данные о местонахождении __
a Наименование организации Ульяновская ОБДЮ
i Авторский знак К 65
j Шифр хранения 75.719
901 Тип документа __
t Тип документа m
909 Создатель записи __
a Создатель записи Лушникова С.А.
910 Корректоры записи __
a Корректор записи Лушникова С.А.
919 __
a Лушникова С.А.
c Лушникова С.А.
938 Служебная информация __
a Имя БД MarkBase